000
00288 a2200085 4500
020
_a
9783038602972
100
_a
Géraldine Borio
245
_a
Looking for the Voids: Learning from Asia’s Liminal Urban Spaces as a Foundation to Expand an Architectural Practice
260
_b
Park Books
_c
2024
999
_c
13429
_d
13429